Liturgia para seglares
Salvato in:
| Autore principale: | |
|---|---|
| Natura: | Libro |
| Lingua: | spagnolo |
| Pubblicazione: |
Madrid
Guadarrama
1963
|
| Serie: | Colección Cristianismo y Hombre Actual, 28
|
| Soggetti: | |
| Tags: |
Aggiungi Tag
Nessun Tag, puoi essere il primo ad aggiungerne!!
|
MARC
| LEADER | 00000nam a2200000 a 4500 | ||
|---|---|---|---|
| 001 | UCL3947 | ||
| 003 | CL-VaPUC | ||
| 008 | 031219e19630000SP |||||||||||||||||spa|d | ||
| 082 | 0 | 4 | |a 264.36 |b WIN |2 21 |
| 100 | 0 | |a Winterswyl, Ludwig Athanasius |e author |9 481387 | |
| 245 | 1 | 0 | |a Liturgia para seglares |
| 300 | |a 462 p | ||
| 942 | |c BK | ||
| 945 | |d 20031219 00:00:00 |a vberengu | ||
| 260 | |a Madrid |b Guadarrama |c 1963 | ||
| 650 | 0 | |a Celebraciones litúrgicas |9 468655 | |
| 650 | 0 | |a Sacramentos |9 257270 | |
| 650 | 0 | |a Eucaristía |9 257336 | |
| 650 | 0 | |a Laicos |9 255625 | |
| 583 | |a last modification |c 20031219 00:00:00 |k Rodrigo Vera | ||
| 490 | 0 | |a Colección Cristianismo y Hombre Actual, 28 | |
| 999 | |c 306911 |d 306909 | ||
| 952 | |0 0 |1 0 |4 0 |6 264_360000000000000_WIN_1963 |7 0 |8 A |9 372338 |a BIBTEO |b BIBTEO |d 2019-11-21 |i 2097869 |o 264.36 WIN 1963 |p 2097869 |r 2025-01-17 |w 2019-11-21 |y BK |k ICR | ||